01439nam a2200277 a 450000100060000000300080000600500170001400800410003102000140007203500190008604000230010504100130012808200250014124501110016626000760027730000340035365000220038770000300040983000550043994200120049499900170050695201610052395201590068495201590084395201590100268581BD-RjUL20211209081804.0891010s1988 it a i000 0 eng  a812049051 a(BD-RjUL)68791 aDLCcDLCdDLCbeng1 aenghchi00223a634.38bMUL 198810aMulberry cultivation /cwritten by Zheng Ting-zing ... [et al.] ; translated by Chen die-yun ... [et al.]. aRome :bFood and Agriculture Organization of the United Nations,c1988. avii, 127 p. :bill. ;c30 cm. 0aMulberry.92032781 aZheng, Ting-zing.9203279 aFAO agricultural services bulletin ;v73/19203280 2ddccBK c68581d68581 00102ddc40718NFICaRUCLbRUCLcReadingd2010-08-23eParagon Enterprise ltd., Dhakag360.00l0o634.38 MUL 1988r2017-04-03 00:00:00tC-1w2017-04-03yBK 00102ddc40708NFICaRUCLbRUCLcStackd2010-08-23eParagon Enterprise ltd., Dhakag360.00l0o634.38 MUL 1994r2017-06-06 00:00:00tC-4w2017-06-06yBK 00102ddc40708NFICaRUCLbRUCLcStackd2010-08-23eParagon Enterprise ltd., Dhakag360.00l0o634.38 MUL 1994r2017-06-06 00:00:00tC-3w2017-06-06yBK 00102ddc40708NFICaRUCLbRUCLcStackd2010-08-23eParagon Enterprise ltd., Dhakag360.00l0o634.38 MUL 1994r2017-06-06 00:00:00tC-2w2017-06-06yBK